ឪពុកក្មេករើសកូនប្រសារ : (Record no. 8877)
[ view plain ]
| 000 -LEADER | |
|---|---|
| fixed length control field | 02616nam a22003017a 4500 |
| 001 - CONTROL NUMBER | |
| control field | 8877 |
| 003 - CONTROL NUMBER IDENTIFIER | |
| control field | FISKH |
| 005 - DATE AND TIME OF LATEST TRANSACTION | |
| control field | 20251028123259.0 |
| 008 - FIXED-LENGTH DATA ELEMENTS--GENERAL INFORMATION | |
| fixed length control field | 251028b cb ||||| |||| 00| 0 eng d |
| 020 ## - INTERNATIONAL STANDARD BOOK NUMBER | |
| International Standard Book Number | 9789996346439 |
| 040 ## - CATALOGING SOURCE | |
| Original cataloging agency | FISKH |
| Language of cataloging | khr |
| Transcribing agency | FISKH |
| Modifying agency | FISKH |
| 050 ## - LIBRARY OF CONGRESS CALL NUMBER | |
| Classification number | PZ7 |
| 082 ## - DEWEY DECIMAL CLASSIFICATION NUMBER | |
| Classification number | 895 |
| 100 ## - MAIN ENTRY--PERSONAL NAME | |
| Personal name | Chakriya, Vat |
| 245 ## - TITLE STATEMENT | |
| Title | ឪពុកក្មេករើសកូនប្រសារ : |
| Remainder of title | The father selects his son-in-law / |
| Statement of responsibility, etc. | រៀបរៀងដោយ អ្នកនាង វ៉ាត ចរិយា , ពិនិត្យអក្ខរាវិរុទ្ធ អ្នកស្រី គឹមស៊ុន សុធារី , កញ្ញា វុិច វឌ្ឍនា និង កញ្ញា ហម លឹមឆេង |
| 260 ## - PUBLICATION, DISTRIBUTION, ETC. | |
| Place of publication, distribution, etc. | ភ្នំពេញ : |
| Name of publisher, distributor, etc. | Reading Books , |
| Date of publication, distribution, etc. | 2015. |
| 300 ## - PHYSICAL DESCRIPTION | |
| Extent | 28 pages : |
| Other physical details | color illustrations ; |
| Dimensions | 25 cm . |
| 505 ## - FORMATTED CONTENTS NOTE | |
| Formatted contents note | R <br/> |
| 520 ## - SUMMARY, ETC. | |
| Summary, etc. | រឿងនេះផ្តល់តម្លៃអប់រំអោយមិត្តអ្នកអានអោយធ្វើជាមនុស្សសុចរិតទៀងត្រង់ ប្រព្រឹ្តត្តិតែអំពើល្អ និងចេះប្រើប្រាស់ប្រកបដោយភាពវៃឆ្លាត ដើម្បីដោះស្រាយបញ្ហា និងជំនះរាល់ឧបសគ្គដែលកើតឡើងនៅចំពោះមុខ ។ ជាងនេះទៅទៀត ត្រូវចេះយោគយល់អធ្យាស្រ័យគ្នា កុំមានគំនិតរើសអើង ប្រកាន់វណ្ណះ រូបសម្បត្តិល្អ អាក្រក់ឡើយ ព្រោះតែតម្លៃមនុស្សមិនស្ថិតនៅលើរូបសម្បត្តិទេ ។ |
| 520 ## - SUMMARY, ETC. | |
| Summary, etc. | This story intends to educate the readers to belive in good faith, do good deeds, and smartly use their intelligenve to solve problem and to overcome obstac;es they are facing . Morever, the writer wishes to advised the readers to be tolerant and avoid discrimination against the social classes and physical apprearance . The human value is not evaluated by appearance . |
| 521 8# - TARGET AUDIENCE NOTE | |
| Target audience note | 660 <br/> |
| Source | Lexile estimate <br/> |
| 521 8# - TARGET AUDIENCE NOTE | |
| Target audience note | R <br/> |
| Source | Raz-Plus <br/> |
| 650 ## - SUBJECT ADDED ENTRY--TOPICAL TERM | |
| Topical term or geographic name entry element | ឪពុកក្មេករើសកូនប្រសារ |
| Form subdivision | រឿងនិទានកុមារ |
| 650 ## - SUBJECT ADDED ENTRY--TOPICAL TERM | |
| Topical term or geographic name entry element | The father selects his son-in-law |
| Form subdivision | Children's Stories |
| 700 ## - ADDED ENTRY--PERSONAL NAME | |
| Personal name | Chinith, Chou |
| Relator term | Illustrator |
| 942 ## - ADDED ENTRY ELEMENTS (KOHA) | |
| Source of classification or shelving scheme | Dewey Decimal Classification |
| Koha item type | Khmer Books |
| Suppress in OPAC | No |
| Withdrawn status | Lost status | Source of classification or shelving scheme | Damaged status | Not for loan | Collection | Home library | Current library | Shelving location | Date acquired | Total Checkouts | Full call number | Barcode | Date last seen | Price effective from | Koha item type |
|---|---|---|---|---|---|---|---|---|---|---|---|---|---|---|---|
| Dewey Decimal Classification | Khmer-English Bilingual / ភាសាខ្មែរ-អង់គ្លេស | Footprints International School Library Network Toul Tom Poung Campus | Footprints International School Library Network Toul Tom Poung Campus | TTP Primary Khmer Bookshelves | 10/28/2025 | CHA PZ7 895 | FISBK03686 | 10/28/2025 | 10/28/2025 | Khmer Books |
